| 000 | 00444nam a2200157 i 4500 | ||
|---|---|---|---|
| 001 | 68069 | ||
| 003 | ES-MaACL | ||
| 005 | 20230906170211.0 | ||
| 007 | t| | ||
| 008 | 040217s1976 sp ||||1| spa d | ||
| 245 | 0 | 4 | _aLas ganancias del capital. |
| 260 |
_aMadrid : _b[Derecho Privado, _c1976] ( _fSèz) |
||
| 300 |
_a823 p. ; _c24 cm. |
||
| 711 | 2 |
_aSemana de Estudios de Derecho Financiero ( _n13ª) _9993 |
|
| 852 |
_aES-MaACL _jA-5613 _bR.94468 |
||
| 999 |
_c68069 _d68069 |
||